| Tag |
First Indicator |
Second Indicator |
Subfields |
| LEADER |
00000cam a2200000 4500 |
| 001 |
in00000026679 |
| 005 |
20151007062619.0 |
| 008 |
750627s1943 ilu b 00010 eng u |
| 010 |
|
|
|a a 43002728
|
| 035 |
|
|
|a (OCoLC)01418255
|
| 035 |
|
|
|9 AAD5360AM
|
| 040 |
|
|
|c DZM
|d TXA
|d UtOrBLW
|
| 049 |
|
|
|a TXAM
|c [116244]
|
| 050 |
|
0 |
|a PR9250
|b .S58
|
| 082 |
0 |
|
|a 811.082
|
| 092 |
|
|
|a 811.08
|b S642b
|
| 100 |
1 |
|
|a Smith, A. J. M.
|q (Arthur James Marshall),
|d 1902-1980.
|
| 245 |
1 |
4 |
|a The book of Canadian poetry ;
|b a critical and historical anthology /
|c edited with an introduction an notes by A. J. M. Smith.
|
| 264 |
|
1 |
|a Chicago, Ill. :
|b The University of Chicago press;
|a Toronto :
|b W.J. Gage & co., limited,
|c [1943]
|
| 300 |
|
|
|a xvii, 452 pages ;
|c 23 cm.
|
| 336 |
|
|
|a text
|b txt
|2 rdacontent
|
| 337 |
|
|
|a unmediated
|b n
|2 rdamedia
|
| 338 |
|
|
|a volume
|b nc
|2 rdacarrier
|
| 504 |
|
|
|a Bibliography: pages 433-440.
|
| 650 |
|
0 |
|a Canadian poetry.
|
| 999 |
|
|
|a MARS
|
| 999 |
f |
f |
|s 0c06a388-29bc-3def-a9e3-5eee7005da33
|i baedb8d3-4fe1-35a4-8c20-a06e5495176a
|t 0
|
| 952 |
f |
f |
|p ric
|a Texas A&M University
|b Rellis Campus
|c Joint Library Facility
|d Remote Storage
|t 0
|e PR9250 .S58
|h Library of Congress classification
|i unmediated -- volume
|m A14801222610
|
| 998 |
f |
f |
|a PR9250 .S58
|t 0
|l Remote Storage
|